Регионална библиотека "Любен Каравелов" - Русе

Хапе ли? (Запис номер 142756)

MARC детайли
000 -Лидер
Контролно поле с фиксирана дължина 01218nam a2200325 c 4500
003 - Код на организацията, давaща контролен номер
Контролно поле BLK
005 - Дата и час на последна редакция
Контролно поле 20180422112425.0
008 - Елементи от данни с фиксирана дължина
fixed length control field 180409b bul|||||r ||||||| ||bul||
010 ## - Наследен системен номер
LC control number KNG00148853000
040 ## - Източник на каталожния запис
Идентификатор на билиотеката - собственик на записа BLK
041 ## - Код за език
Код за езика на текст/звукозапис или на отделно заглавие Български
Код за езика КДБФ Български
080 ## - УДК
Текстов определител УДК Българска литература
УДК код - определител по УДК 821.163.2
УДК определител -93-1
УДК - код + определител 821.163.2-93-1
100 1# - Редна дума - Автор
Автор Стоянов, Васил Иванов
Авторска отговорност първи автор
R(LIN) 367533
139 ## - Редно поле
Редна дума Стоянов, Васил Иванов
Авторски знак Стоя - С 83
245 10 - Сведения за заглавието
Заглавие Хапе ли?
Подзаглавни данни Стихове за деца
Редно поле (дума) Васил Иванов Стоянов; худож. Мира Йовчева.
257 ## - Страна на издаване
Страна на създаване/издаване България
260 ## - Област на издателските данни
-- София
Име на издателя, разпространителя и проч. Отечество
Година на издаване 1978
300 ## - Физическа характеристика
Страници 40 с.
Илюстрации и др. с ил.
Размери/Мащаб 29 см
380 ## - Жанр
Жанр Детска худож. лит.
500 ## - Общи забележки
Забележка 50 115 тир.
653 ## - Ключова дума – ненормативна
Ключова дума стихотворения за деца
653 ## - Ключова дума – ненормативна
Ключова дума литература за деца
653 ## - Ключова дума – ненормативна
Ключова дума детска литература
700 1# - Други автори (авторска отговорност)
Лично име Йовчева, Мира
Автороска отговорност (Описва отношението между автора и произведението) худож.
9 (RLIN) 377142
852 ## - Местоположение
Форматна сигнатура Цб ІІ 18734
856 4# - Електронен адрес и достъп
Електронен формат pdf - файл
Път до файла /url/
856 4# - Електронен адрес и достъп
Електронен формат pdf - файл
Път до файла /url/
942 ## - АРТИКУЛИ
Вид на библиотечния материал Книги
Скрит в OPAC Не
944 ## - СЪЗДАВАНЕ И РЕДАКЦИЯ на ЗАПИСА
Създаване/Редакция Създаване
Дата на регистрацията/редакция 07.08.2013
Статус, дата на статуса ф / 07.08.2013
Служител, извършил регистрацията/редакцията Айшегюл_Сабриева
944 ## - СЪЗДАВАНЕ И РЕДАКЦИЯ на ЗАПИСА
Създаване/Редакция Редакция
Дата на регистрацията/редакция 19.09.2017
Статус, дата на статуса ф / 07.08.2013
Служител, извършил регистрацията/редакцията Христина_Везирева
999 ## - СИСТЕМНИ КОНТРОЛНИ НОМЕРА
Koha biblionumber 142756
Koha biblioitemnumber 142756
Наличности
Код за отписване Код за изгубен артикул Източник на класификационната схема Код за повреда Коз за рестрикции Код за отдаване Артикулен № Име на библиотеката - собственик Име на библиотеката, в която се намира в момента Статус (Текущо местоположение) Дата на вписване в системата Местоположение - отдел Цена в лева Инвентарен номер Систематично азбучна сигнатура Баркод Номер на екземпляра Цена в евро Служебна бележка Служебен тип на артикула Бележка за публиката
  Не е изгубен Universal Decimal Classification Не е повреден само за читалня ползва се в читалня 236483 Регионална библиотека "Любен Каравелов" Русе Регионална библиотека "Любен Каравелов" Русе Хранилище 1978-01-01 Хранилище 0.45 253056 Цб ІІ 18734 120000253056 1 0.23 Дост: Dp Вид: Д N: стар фонд Дата: 01.01.1978 Книги  
Изтеглен Не е изгубен   Не е повреден без рестрикции заемане за дома 236484 Регионална библиотека "Любен Каравелов" Русе Регионална библиотека "Любен Каравелов" Русе   1978-01-01 Детски отдел 0.45 253792 ДХ 886.7/С 83 253792 2 0.23 Дост: Pk Вид: Ф N: стар фонд Дата: 01.01.1978 Дата инв: 28.09.2015 Бележки инв: Д2015 Книги Отч.N: 32/2017 , Дата: 04.09.2017
Изтеглен Не е изгубен Universal Decimal Classification Не е повреден без рестрикции заемане за дома 236485 Регионална библиотека "Любен Каравелов" Русе Регионална библиотека "Любен Каравелов" Русе Детски отдел 1978-01-01 Детски отдел 0.45 253793 ДХ 886.7/С 83 253793 3 0.23 Дост: Pk Вид: Ф N: стар фонд Дата: 01.01.1978 Дата инв: 04.11.2015 Бележки инв: Д2015 Книги  
Изтеглен Не е изгубен Universal Decimal Classification Не е повреден без рестрикции заемане за дома 236486 Регионална библиотека "Любен Каравелов" Русе Регионална библиотека "Любен Каравелов" Русе Детски отдел 1978-01-01 Детски отдел 0.45 253797 ДХ 886.7/С 83 253797 4 0.23 Дост: Pk Вид: Ф N: стар фонд Дата: 01.01.1978 Дата инв: 28.09.2015 Бележки инв: Д2015 Книги  
Изтеглен Не е изгубен   Не е повреден без рестрикции заемане за дома 236487 Регионална библиотека "Любен Каравелов" Русе Регионална библиотека "Любен Каравелов" Русе   1978-01-01 Детски отдел 1.00 633580 ДХ 886.7/С 83 633580 5 0.51 Дост: Pk Вид: Ф N: стар фонд Дата: 01.01.1978 Дата инв: 29.10.2015 Бележки инв: Д2015 Книги Отч.N: 32/2017 , Дата: 04.09.2017
Vip Innovations Ltd, Rousse, Bulgaria 2025